00296nam a2200121Ia 4500008004100000100002700041245003600068260002200104300000800126650001600134942000700150999001700157190216s9999||||xx |||||||||||||| ||und|| aJanardhanan Pillay .cp 0aFirst Year Bsc Main Mathematics bAjith Book Center a312 aMathematics cBK c31278d31278